000
00311nam a2200121Ia 4500
008
190722s9999 xx 000 0 und d
020
_a
978-81-312-4307-7
100
_a
John E.Hall
245
0
_a
Guyton & hall textbook of Medical Physiology
260
_a
India
_b
Elsevier
_c
2016
300
_a
1145
942
_c
BK
999
_c
1093
_d
1093